| 000 | 00890nam a2200229 a 4500 | ||
|---|---|---|---|
| 001 | 49104 | ||
| 003 | BD-RjUL | ||
| 005 | 20211209054633.0 | ||
| 008 | 160817s1945 ii ||||| |||| 00| 0 ben d | ||
| 020 | _c: Tk. .50 | ||
| 035 | _a(BD-RjUL)49223 | ||
| 040 |
_aBD-RjUL _bben _cBD-RjUL |
||
| 041 | _aben | ||
| 082 |
_223 _a501 _bSEN 1945 |
||
| 100 |
_aসেনগুপ্ত, প্রমথনাথ _9147697 |
||
| 245 | 1 | 0 |
_aনব্যবিজ্ঞানে অনির্দেশ্যবাদ / _cপ্রমথনাথ সেনগুপ্ত |
| 260 |
_aকলিকাতা : _bবিশ্বভারতী গ্রন্থালয়, _c১৯৪৫ (১৩৫২) |
||
| 300 |
_a[৪], ৪৮ পৃ. ; _c১৬ সেমি. |
||
| 650 |
_aবিজ্ঞান এবং মানবিক _9147698 |
||
| 650 |
_aScience and the humanities _9147699 |
||
| 942 |
_2ddc _cBK |
||
| 999 |
_c49104 _d49104 |
||